| 000 | 00496nam a22001577a 4500 | ||
|---|---|---|---|
| 999 |
_c17057 _d17057 |
||
| 008 | 180730b xxu||||| |||| 00| 0 eng d | ||
| 020 | _a1446200759 | ||
| 050 |
_aG734 _b.M58 2013 c.1 |
||
| 100 | _aMontello, Daniel R. | ||
| 245 |
_aAn Introduction to Scientific Research Methods in Geography and Environmental Studies _cDaniel R. Montello |
||
| 260 |
_aLos Angeles _bSage _c2013 |
||
| 300 | _ax, 314p. | ||
| 650 |
_aGeography _vResearch |
||
| 650 | _aEnvironmental Sciences | ||
| 942 |
_2lcc _cBK |
||